| 000 | 01149nac a22002531u 4500 | ||
|---|---|---|---|
| 010 | _a 97028054 | ||
| 020 | _a047158505X (cloth : alk. paper) | ||
| 082 | 0 | 0 |
_a616.075 _bR178 |
| 090 |
_c3993 _d3993 |
||
| 100 | _a20080729 | ||
| 245 | 0 | 0 |
_aCommercial biosensors : _bapplications to clinical, bioprocess, and environmental samples / _cedited by Graham Ramsay. |
| 260 |
_aNew York : _bWiley,1998 _c1998. |
||
| 300 |
_axvi, 304 p. : _bill. ; _c24 cm. |
||
| 440 | 0 |
_aChemical analysis ; _vv. 148 |
|
| 500 | _a"A Wiley-Interscience publication." | ||
| 504 | _aIncludes bibliographical references and index. | ||
| 650 | 0 | _aBiosensors. | |
| 700 | 1 |
_aRamsay, Graham, _d1954- |
|
| 856 | 4 | 2 |
_3Contributor biographical information _uhttp://www.loc.gov/catdir/bios/wiley041/97028054.html |
| 856 | 4 | 2 |
_3Publisher description _uhttp://www.loc.gov/catdir/description/wiley032/97028054.html |
| 856 | 4 | 2 |
_3Table of Contents _uhttp://www.loc.gov/catdir/toc/onix02/97028054.html |
| 942 |
_cBB _k616.075R178 |
||
| 999 |
_c3993 _d3993 |
||